The money laundering market: regulating the criminal economy

Gespeichert in:
Bibliographische Detailangaben
1. Verfasser: McCarthy, Killian J. (autor)
Format: Buch
Sprache:Englisch
Veröffentlicht: Newcastle Agenda Publishing Limited 2018
Ausgabe:1a. ed
Schlagworte:
Tags: Tag hinzufügen
Keine Tags, Fügen Sie den ersten Tag hinzu!

MARC

LEADER 00000cam a2200000 a 4500
001 UCC5138
003 CL-VaPUC
008 180927e20180000uk |||||||||||||||||eng|d
020 |a 9781911116431 
082 0 4 |a 345.0268  |b MCC  |2 21 
100 |a McCarthy, Killian J.  |e autor  |9 599382 
245 1 4 |a The money laundering market: regulating the criminal economy 
250 |a 1a. ed 
300 |a 224 p 
942 |c BK 
945 |d 20180927 22:58:00  |a dcastane 
260 |a Newcastle  |b Agenda Publishing Limited  |c 2018 
650 7 |a LAVADO DE DINERO  |2 CL-VaPUC  |9 418443 
650 0 |a Bien jurídico protegido   |9 385533 
650 7 |a CARTELES DE DROGAS  |2 CL-VaPUC  |9 599383 
583 |a last modification  |c 20180927 22:58:00  |k Rodrigo Vera 
999 |c 372413  |d 372411 
952 |0 0  |1 0  |3 erd  |4 0  |6 345_026800000000000_MCC_2018  |7 0  |8 A  |9 490058  |a BIBDER  |b BIBDER  |i 5502233  |o 345.0268 MCC 2018  |p 5502233  |r 2019-11-24  |w 2019-11-24  |y BK  |z Catalogado en:20180927  |k DER